000 02038cam a22004937a 4500
003 CHAP
005 20220329141114.0
008 971014s1996 r 00010 d
010 _a62638
011 _a63610
035 _a67786
040 _cCHAP
082 _a630.83
_bI56 N.L.
110 _aInstituto Nacional de Estadística, Geografía e Informática. México
_959304
245 0 _aIndicadores básicos censales
_b: Nuevo León
260 _aAguascalientes, Ags. :
_bINEGI,
_c1996
300 _a117 p.
_b; anexos
_e+ 1 anexo (20 diagramas de universos)
590 _aBATCH-UPD
_b10
_c20130109
_lUCH01
_h2353
590 _aBATCH-UPD
_b10
_c20130110
_lUCH01
_h0313
590 _aBATCH-UPD
_b10
_c20130110
_lUCH01
_h2133
590 _aBATCH-UPD
_b10
_c20130409
_lUCH01
_h1925
590 _aBATCH-UPD
_b10
_c20130410
_lUCH01
_h1442
590 _aBATCH-UPD
_b10
_c20130913
_lUCH01
_h2047
590 _aBATCH-UPD
_b10
_c20130914
_lUCH01
_h1102
590 _aCONVERSION
_b10
_c20130109
_lUCH01
_h1334
650 1 4 _aAgricultura
_xEstadísticas
_zNuevo León.
_91461
650 1 4 _aAgricultura
_xNuevo León.
_91755
650 1 4 _aBosques
_xEstadísticas
_xNuevo León.
_914153
650 1 4 _aCrédito agrícola
_xNuevo León.
_929071
650 1 4 _aCultivos
_xEstadísticas.
_930269
650 1 4 _aCultivos
_xNuevo León.
_930302
650 1 4 _aEjidos
_xNuevo León.
_936024
650 1 4 _aGanadería
_xEstadísticas
_zNuevo León.
_944719
650 1 4 _aGanadería
_xNuevo León.
_944833
650 1 4 _aMaquinaria agrícola
_xEstadísticas.
_971170
650 1 4 _aTierras
_xTenencia
_xNuevo León.
_9113187
790 _aCensos agropecuarios (7o), 1991
901 _aBK
942 _cLIBRO
949 _a630.83 I56 N.L.
_bBC
_cESP
_d-153170
_eESP
_fanexo
_h92314
_i67786
_si
_t34.00
949 _a630.83 I56 N.L.
_bBC
_cESP
_d677862
_eESP
_fanexo c.2
_gDonaciØn
_h100482
_i67786
_sb
949 _a630.83 I56 N.L.
_bBC
_cINEGI
_d33724000686770
_eINEGI
_gI. c/e
_h92314
_i67786
_sb
_t34.00
949 _a630.83 I56 N.L.
_bBC
_cINEGI
_d33724000899548
_eINEGI
_fc.2
_gDonaciØn
_h100482
_i67786
_sb
999 _c62638
_d62638